| 000 | 00569nam a22001817a 4500 | ||
|---|---|---|---|
| 999 |
_c183989 _d183989 |
||
| 005 | 20220110124652.0 | ||
| 010 | _aENG-131051 | ||
| 020 |
_a978-93-52839-117 _c325.00 |
||
| 035 | _aEN-114583 | ||
| 037 | _bDBAD | ||
| 082 | _a900 | ||
| 100 | _aGupta, Tapati Das | ||
| 245 |
_aHistory & Civics: _cTapati Das Gupta, Sohini Dasgupta _bfor class X/ |
||
| 260 |
_aNew Delhi _bS Chand School Books _c2013 |
||
| 270 |
_bNew Delhi _aA-27, 2nd Floor, Mohan Co-operative Industrial Estate _e110044 |
||
| 300 |
_a302p. _c27cm(pbk) |
||
| 942 |
_2ddc _cEN _h900 _mGUP |
||